000
00338pab a2200145 454500
008
180718b1985 xxu||||| |||| 00| 0 eng d
100
_a
Sodhi, Dharam Raj Singh
245
_a
Ethics in journalism
260
_c
1985
300
_a
12-14
362
_a
Jan.
650
_a
Press
773
_a
Press Council of India Review
909
_a
16008
999
_c
16008
_d
16008